| 000 | 00352nam a2200145Ia 4500 | ||
|---|---|---|---|
| 008 | 191201s2010 xx 000 0 und d | ||
| 082 |
_a658.4012 _bLES |
||
| 100 | _aLEVINE, David M | ||
| 245 | 0 | _aStatistics for Managers, Using Microsoft Excel, | |
| 250 | _a5TH | ||
| 260 |
_aN. Delhi _bPHI _c2010 |
||
| 300 | _a858 | ||
| 650 | _aBBA | ||
| 942 |
_2ddc _cBK |
||
| 999 |
_c4909 _d4909 |
||